000 00599nam a22001937a 4500
005 20251108165224.0
008 250721s1986 xx 000 0 ara d
082 1 4 _a821.09/ملت
100 1 _aملتون، جون
245 1 0 _aالفردوس المفقود /
264 1 _aالقاهرة :
_bالهيئة المصرية العامة للكتاب،
_c1986.
300 _a249ص
490 0 _aالإبداع العالمي
650 1 7 _aالشعر الإنجليزي
650 1 7 _aالنقد الأدبي
700 1 _aعناني، محمد
_eترجمة
942 _2ddc
_cBK
999 _c22496
_d22496